000 00903nas a2200301 4500
001 BR9701373
003 BR-BrBNA
005 20231205100032.0
007 ta
008 230509b bl.|||p| |||| 00| 00por d
040 _aBR-BrBNA
_bpor
_cBiblioteca Nacional de Agricultura
041 _a(Pt)
072 _aQ02
100 1 _aGregorio, S.R.
100 1 _aSoares, A.G.
100 1 _aSilva, A.T. da
100 1 _aModesta, R.C.D.
100 1 _aCorrea, T.B.S.
245 1 _aAvaliacao de mandioca congelada apos o processo de cura em camara climaterica
650 _aMandioca
650 _aPos-Colheita
650 _aCongelamento
650 _aArmazenamento de Alimento
650 _aProcessamento
773 0 _tCiencia e Tecnologia de Alimentos (Brazil)
_xISSN 0101-2061
_g(Jul-Sep 1996), v. 16(2) p. 108-110
_wBR9701373
909 _a202311
_bLúcia
_c55
_dLúcia Elande
942 _2AGRIS
_n0
_cANA
999 _c154029
_d154029